Atlas geográfico / (Registro nro. 13222)
[ vista simple ]
| 000 -LIDER | |
|---|---|
| fixed length control field | 00804nam a22002537a 4500 |
| 003 - IDENTIFICACDOR DE NÚMERO DE CONTROL | |
| control field | DO-SdBNP |
| 005 - DATE AND TIME OF LATEST TRANSACTION | |
| control field | 20220525134102.0 |
| 008 - ELEMENTOS DE LONGITUD FIJA | |
| fixed length control field | 171123b 2002 sp a c|| |||| 00| 0 spa d |
| 020 ## - ISBN | |
| International Standard Book Number | 8434841142 |
| 040 ## - FUENTE DE CATALOGACIÓN | |
| Agencia que crea de manera original el registro | BPMSU |
| Idioma de catalogación | spa |
| Agencia que realiza la transcripción | BPMSU |
| 082 ## - NÚMERO DE CLASIFICACIÓN DECIMAL DE DEWEY | |
| Classification number | R912 |
| Item number | Z36a 2012 |
| Edition number | 22 |
| 100 1# - ASIENTO PRINCIPAL -- NOMBRE PERSONAL | |
| Nombre personal | Zárate Martín, Antonio |
| 245 ## - MENCIÓN DE TITULO | |
| Título | Atlas geográfico / |
| Mención de responsabilidad | Antonio Zárate Martín, José Sánchez Sánchez ;dirección Esther Carrión Fernández |
| 260 ## - PUBLICACIÓN, DISTRIBUCIÓN, ETC. (PIE DE IMPRENTA) | |
| Lugar de publicación, distribución, etc | Madrid : |
| Nombre del editor, distribuidor, etc. | SM Consuta, |
| Fecha de publicación, distribución, etc | 2011. |
| 300 ## - DESCRIPCIÓN FÍSICA | |
| Extensión | 154 p. : |
| Otros detalles físicos | il., maps.; |
| Dimensiones | 30 cm. |
| 500 ## - NOTA GENERAL | |
| Nota general | Incluye índices |
| 590 ## - NOTA LOCAL | |
| Enlace | Inventariado, 2022/VM |
| 650 #4 - ENCABEZAMIENTO DE MATERIA--TEMÁTICO | |
| Término temático o nombre geográfico como elemento de entrada | Atlas |
| 650 #4 - ENCABEZAMIENTO DE MATERIA--TEMÁTICO | |
| Término temático o nombre geográfico como elemento de entrada | Geografía universal |
| Subdivisión de forma | Atlas. |
| 700 1# - ASIENTO SECUNDARIO -- NOMBRE PERSONAL | |
| Nombre personal | Carrión Fernández, Esther |
| Mención de responsabilidad | coordinadora |
| 700 1# - ASIENTO SECUNDARIO -- NOMBRE PERSONAL | |
| Nombre personal | Sánchez Sánchez, José |
| 910 ## - VALIDACIÓN | |
| Validación | VMateo V. |
| 942 ## - ADDED ENTRY ELEMENTS (KOHA) | |
| Source of classification or shelving scheme | Dewey Decimal Classification |
| Koha item type | Libros |
| Withdrawn status | Lost status | Source of classification or shelving scheme | Damaged status | Not for loan | Collection code | Home library | Current library | Date acquired | Full call number | Barcode | Date last seen | Price effective from | Koha item type |
|---|---|---|---|---|---|---|---|---|---|---|---|---|---|
| Dewey Decimal Classification | Colección General | Biblioteca Pública Metropolitana Salomé Ureña | Biblioteca Pública Metropolitana Salomé Ureña | 11/30/2017 | BPMSU CGR R912 Z36a 2011 | BPMSU17110550 | 11/30/2017 | 11/30/2017 | Libros |